000
00297cam a2200121ua 4500
082
_a
823.301
_b
SAK/SE
100
_a
Saksena, Sarada Prasad.
_9
1648
245
0
0
_a
Select Short Stories /
250
_a
1 /
260
_a
London :
_b
George Allen & Unwin Ltd ,
_c
1972.
300
_a
106 ; .
942
_c
BK
999
_c
2404
_d
2404